International journal of politics.

Contains translations of material that has appeared originally in scholarly journals, books, and legal documents throughout the world.

Bibliographic Details
New Title:International journal of political economy (Online)
Format: Journal
Language:English
Published: White Plains, N.Y. : International Arts and Sciences Press, 1971-1987.
White Plains, NY : M. E. Sharpe.
Armonk, NY :
Subjects:
Online Availability: Check for online availability

MARC

Tag First Indicator Second Indicator Subfields
LEADER 00000cas a2200000 a 4500
001 in00002787435
005 20151202172156.0
006 m o d
007 cr bn||||||abp
007 cr bn||||||ada
008 100323d19711987nyuqx poo 0 0eng c
010 |a  2011235392 
019 |a 300869226  |a 607919697 
022 |l 0012-8783  |y 0012-8783 
035 |a (OCoLC)ocn567905712 
035 |a (OCoLC)567905712  |z (OCoLC)300869226  |z (OCoLC)607919697 
040 |a OCLCE  |b eng  |c OCLCE  |d OCLCQ  |d EYM  |d HUL  |d EYM  |d OCLCQ  |d TXA  |d UtOrBLW 
042 |a dlr  |a pcc 
049 |a TXAM 
050 4 |a JA1.A1  |b I59 Electronic 
082 0 4 |a 320 
245 0 0 |a International journal of politics. 
264 1 |3 1971-Fall 1976:  |a White Plains, N.Y. :  |b International Arts and Sciences Press,  |c 1971-1987. 
264 1 |3 Winter 1976/77-Winter 1980/1981:  |a White Plains, NY :  |b M. E. Sharpe. 
264 1 |3 Spring 1981-1987:  |a Armonk, NY :  |b M. E. Sharpe. 
310 |a Four no. a year 
336 |a text  |b txt  |2 rdacontent 
337 |a computer  |b c  |2 rdamedia 
338 |a online resource  |b cr  |2 rdacarrier 
362 1 |a Began with: Vol. 1, no. 1 (Spring 1971); ceased with: Vol. 16, no. 4 (Winter, 1986/1987). 
500 |a "A journal of translations." 
506 |3 Use copy  |f Restrictions unspecified  |2 star  |5 MiAaHDL 
520 |a Contains translations of material that has appeared originally in scholarly journals, books, and legal documents throughout the world. 
533 |a Electronic reproduction.  |b [S.l.] :  |c HathiTrust Digital Library,  |d 2010.  |5 MiAaHDL 
583 1 |a digitized  |c 2010  |h HathiTrust Digital Library  |l committed to preserve  |2 pda  |5 MiAaHDL 
588 |a Description based on: Vol. 1, no. 1 (spring 1971); title from issue cover (JSTOR, viewed May 25, 2011). 
588 |a Latest issue consulted: Vol. 16, no. 4 (Winter, 1986/1987) (JSTOR, viewed May 25, 2011). 
500 |a Electronic resource. 
650 0 |a Political science  |v Periodicals. 
650 6 |a Science politique  |v Périodiques. 
776 0 8 |i Print version:  |t International journal of politics  |x 0012-8783  |w (DLC) 71026367  |w (OCoLC)1715704 
785 0 0 |t International journal of political economy (Online)  |x 1558-0970  |w (DLC) 2005214713  |w (OCoLC)56721622 
948 |a cataloged  |b h  |c 2012/12/21  |d c  |e spoltoratski  |f 10:30:39 am  |g sc 
994 |a C0  |b TXA 
999 |a MARS 
999 f f |s 531aa3c1-8e24-3119-864d-5d03a613dfe5  |i b4ebac5f-1c64-393b-942d-7200e6857e8f  |t 0 
952 f f |a Texas A&M University  |b College Station  |c Electronic Resources  |d Available Online  |t 0  |e JA1.A1 I59  |g Electronic  |h Library of Congress classification 
998 f f |a JA1.A1 I59  |t 0  |l Available Online